[Event "Vesterhavsturneringen B-Gruppen"]
[Site "Esbjerg"]
[Date "1979.07.14"]
[Round "5"]
[White "Pedersen, Hans"]
[Black "Nielsen, Poul Erik"]
[Result "1-0"]
[WhiteElo "2210"]
[BlackElo "2315"]
[PlyCount "81"]
[EventDate "1979.??.??"]
[EventType "tourn"]
[EventRounds "11"]
[EventCountry "DEN"]

1. d4 g6 2. Nf3 Bg7 3. g3 d6 4. Bg2 f5 5. O-O Nf6 6. Nbd2 O-O 7. c3 Qe8 8. Re1
d5 9. Ne5 g5 10. c4 e6 11. Qb3 c6 12. Ndf3 h6 13. Bd2 Ne4 14. Bc3 Nd7 15. Nxd7
Qxd7 16. Red1 b6 17. Ne5 Bxe5 18. dxe5 Ba6 19. Be1 Nc5 20. Qc2 Qg7 21. b4 Nd7
22. b5 cxb5 23. cxd5 Rac8 24. Qb2 Qxe5 25. Qxe5 Nxe5 26. dxe6 Rc7 27. Bb4 Re8
28. Bd6 Rc5 29. Bxc5 bxc5 30. Rd5 Rxe6 31. Rxc5 Re7 32. Rd1 b4 33. Rdd5 Ng4 34.
e3 f4 35. gxf4 gxf4 36. e4 Ne3 37. Rd8+ Kg7 38. fxe3 fxe3 39. Rd1 e2 40. Re1
Rd7 41. Rd5 1-0

[Event "Vesterhavsturneringen B-Gruppen"]
[Site "Esbjerg"]
[Date "1979.07.14"]
[Round "5"]
[White "Fuller, Max"]
[Black "Bednarski, Jacek"]
[Result "1/2-1/2"]
[WhiteElo "2380"]
[BlackElo "2375"]
[PlyCount "97"]
[EventDate "1979.??.??"]
[EventType "tourn"]
[EventRounds "11"]
[EventCountry "DEN"]

1. Nf3 c5 2. e4 d6 3. d4 Nf6 4. Nc3 cxd4 5. Nxd4 a6 6. g3 e5 7. Nde2 Be7 8. Bg2
Nbd7 9. O-O b5 10. f4 Bb7 11. Nd5 Nxd5 12. exd5 O-O 13. Be3 Bf6 14. f5 Re8 15.
Nc3 e4 16. Bd4 Rc8 17. Nxe4 Bxd4+ 18. Qxd4 Rc4 19. Qa7 Bxd5 20. Nxd6 Bxg2 21.
Kxg2 Rxc2+ 22. Rf2 Rc7 23. Qxa6 Nc5 24. Qxb5 Qa8+ 25. Kg1 Rd8 26. Re1 Rc6 27.
Rfe2 Ne6 28. fxe6 Rcxd6 29. exf7+ Kxf7 30. Qh5+ Rg6 31. Re7+ Kg8 32. Qb5 Rf8
33. Re8 Qa7+ 34. Kh1 Rgf6 35. Rxf8+ Rxf8 36. Qd5+ Kh8 37. Rd1 h6 38. b4 Qf2 39.
a4 Qe2 40. Kg1 Qf2+ 41. Kh1 Qe2 42. h4 Qg4 43. Qb3 Qe2 44. b5 Rf1+ 45. Rxf1
Qxf1+ 46. Kh2 Qf2+ 47. Kh3 Qf1+ 48. Kh2 Qf2+ 49. Kh1 1/2-1/2

[Event "Vesterhavsturneringen B-Gruppen"]
[Site "Esbjerg"]
[Date "1979.07.14"]
[Round "5"]
[White "Dobosz, Henryk"]
[Black "Wicker, Kevin"]
[Result "1/2-1/2"]
[WhiteElo "2380"]
[BlackElo "2315"]
[PlyCount "23"]
[EventDate "1979.??.??"]
[EventType "tourn"]
[EventRounds "11"]
[EventCountry "DEN"]

1. e4 e6 2. d4 d5 3. Nd2 c5 4. Ngf3 Nf6 5. exd5 exd5 6. Bb5+ Bd7 7. Bxd7+ Nbxd7
8. O-O Be7 9. dxc5 O-O 10. Nd4 Bxc5 11. N2b3 Bd6 12. Nf5 1/2-1/2

[Event "Vesterhavsturneringen B-Gruppen"]
[Site "Esbjerg"]
[Date "1979.07.14"]
[Round "5"]
[White "Dankert, Peter"]
[Black "Berg, Klaus"]
[Result "1/2-1/2"]
[WhiteElo "2360"]
[BlackElo "2270"]
[PlyCount "136"]
[EventDate "1979.??.??"]
[EventType "tourn"]
[EventRounds "11"]
[EventCountry "DEN"]

1. e4 c6 2. d4 d5 3. Nc3 dxe4 4. Nxe4 Bf5 5. Ng3 Bg6 6. Bc4 e6 7. Nf3 Nd7 8.
O-O h6 9. Qe2 Ngf6 10. Re1 Be7 11. Bb3 O-O 12. Ne5 Nxe5 13. dxe5 Nd7 14. a3 Qb6
15. Qg4 Bc5 16. Re2 Bd4 17. Bf4 Nc5 18. h4 Nxb3 19. cxb3 Kh8 20. Nh5 Rg8 21.
Rd1 Rad8 22. Red2 Bc5 23. b4 Rxd2 24. Rxd2 Bf8 25. Ng3 c5 26. h5 Bh7 27. bxc5
Bxc5 28. b4 Bf8 29. Rd7 a5 30. Rxf7 axb4 31. axb4 Qxb4 32. Qf3 b5 33. Kh2 Qc5
34. Qb7 Bd3 35. Qd7 Bc2 36. Qxe6 b4 37. Be3 Qc3 38. Qd7 Qxe5 39. Bd4 Qb8 40.
Bb2 b3 41. f4 Qd6 42. Qc8 Kh7 43. Qg4 Qd8 44. Nf5 Bxf5 45. Qxf5+ Kh8 46. Qg4
Qd2 47. Be5 Qd8 48. Rb7 Be7 49. Qg6 Bf6 50. Bxf6 Qxf6 51. Qxf6 gxf6 52. Rxb3
Ra8 53. Rb7 Ra5 54. g4 Ra4 55. Kg3 Ra3+ 56. Kf2 f5 57. gxf5 Rh3 58. Rb5 Kg7 59.
Kg2 Rh4 60. Kg3 Rh1 61. Rb6 Rxh5 62. Kg4 Rh1 63. f6+ Kg6 64. f7+ Kxf7 65. Kf5
Rh5+ 66. Ke4 Kg7 67. Kf3 Ra5 68. Kg4 h5+ 1/2-1/2

[Event "Vesterhavsturneringen B-Gruppen"]
[Site "Esbjerg"]
[Date "1979.07.16"]
[Round "5"]
[White "Rewitz, Jan"]
[Black "Rostalski, Walter"]
[Result "1-0"]
[WhiteElo "2200"]
[BlackElo "2330"]
[PlyCount "77"]
[EventDate "1979.??.??"]
[EventType "tourn"]
[EventRounds "11"]
[EventCountry "DEN"]

1. d4 Nf6 2. c4 g6 3. Nc3 Bg7 4. e4 d6 5. Be2 O-O 6. Nf3 e5 7. O-O Nbd7 8. Re1
c6 9. Bf1 a5 10. Rb1 Re8 11. d5 Nc5 12. b3 Nh5 13. a3 cxd5 14. cxd5 f5 15. Nd2
Nf6 16. f3 f4 17. b4 axb4 18. axb4 Na6 19. Nc4 g5 20. b5 Nc5 21. b6 Bf8 22. Nb5
Ra2 23. Ba3 g4 24. Bxc5 g3 25. h3 dxc5 26. Qb3 Rf2 27. Nc7 Bxh3 28. gxh3 Ng4
29. Bg2 Qh4 30. Nxe8 Nh2 31. Nxe5 c4 32. Qxc4 Nxf3+ 33. Nxf3 Rxf3 34. d6+ Kh8
35. Qd4+ Kg8 36. Qd5+ Kh8 37. Qe5+ Kg8 38. Qe6+ Kh8 39. Nf6 1-0

[Event "Vesterhavsturneringen B-Gruppen"]
[Site "Esbjerg"]
[Date "1979.07.15"]
[Round "6"]
[White "Nielsen, Poul Erik"]
[Black "Fuller, Max"]
[Result "1-0"]
[WhiteElo "2315"]
[BlackElo "2380"]
[PlyCount "79"]
[EventDate "1979.??.??"]
[EventType "tourn"]
[EventRounds "11"]
[EventCountry "DEN"]

1. d4 Nf6 2. c4 g6 3. g3 Bg7 4. Bg2 O-O 5. Nf3 d6 6. O-O c6 7. Nc3 Bf5 8. Re1
Ne4 9. Qb3 Nxc3 10. bxc3 Bc8 11. a4 c5 12. d5 Qa5 13. Ra3 Nd7 14. Bh3 f5 15. e4
fxe4 16. Be6+ Kh8 17. Ng5 Ne5 18. Bxc8 Raxc8 19. Rxe4 Bh6 20. h4 Bxg5 21. Bxg5
Qc7 22. Qd1 Qd7 23. Kg2 Rce8 24. Qe2 e6 25. Bf4 exd5 26. cxd5 Ng4 27. c4 Rxe4
28. Qxe4 Re8 29. Qf3 h5 30. Ra2 Qe7 31. Rb2 b6 32. a5 bxa5 33. Ra2 Rb8 34. Re2
Qf6 35. Re6 Qf5 36. Rxd6 Qc2 37. Rxg6 Re8 38. Re6 Rg8 39. Be5+ Nxe5 40. Rh6+
1-0

[Event "Vesterhavsturneringen B-Gruppen"]
[Site "Esbjerg"]
[Date "1979.07.15"]
[Round "6"]
[White "Heinicke, Herbert"]
[Black "Rostalski, Walter"]
[Result "0-1"]
[WhiteElo "2410"]
[BlackElo "2330"]
[PlyCount "56"]
[EventDate "1979.??.??"]
[EventType "tourn"]
[EventRounds "11"]
[EventCountry "DEN"]

1. c4 Nf6 2. Nf3 d6 3. g3 g6 4. Bg2 Bg7 5. O-O O-O 6. d4 Nbd7 7. Qc2 e5 8. Rd1
Qe7 9. Nc3 c6 10. b3 Re8 11. e3 Nf8 12. Ba3 e4 13. Nd2 Bf5 14. b4 h5 15. b5
N8h7 16. bxc6 bxc6 17. Qa4 Rac8 18. Rab1 h4 19. Re1 Ng5 20. Qa6 Bg4 21. Rb7 Qe6
22. Ne2 hxg3 23. hxg3 Nf3+ 24. Nxf3 exf3 25. Nf4 Qf5 26. Bf1 g5 27. Nd3 Bh3 28.
Rd1 Ne4 0-1

[Event "Vesterhavsturneringen B-Gruppen"]
[Site "Esbjerg"]
[Date "1979.07.15"]
[Round "6"]
[White "Isaksen, Brian"]
[Black "Dobosz, Henryk"]
[Result "0-1"]
[WhiteElo "2275"]
[BlackElo "2380"]
[PlyCount "48"]
[EventDate "1979.??.??"]
[EventType "tourn"]
[EventRounds "11"]
[EventCountry "DEN"]

1. c4 c6 2. Nf3 d5 3. b3 dxc4 4. bxc4 e5 5. Nc3 Nd7 6. g3 Ngf6 7. Qc2 Qa5 8.
Bg2 g6 9. O-O Bg7 10. Rb1 O-O 11. d3 Re8 12. Bd2 Qc7 13. Nh4 Nc5 14. f4 exf4
15. Bxf4 Qe7 16. e4 Rd8 17. Rbd1 Bg4 18. Rd2 Nh5 19. Be3 Ne6 20. Rdf2 Qd6 21.
Rxf7 Qxd3 22. Qf2 Bxc3 23. Rxh7 Rf8 24. Rf7 Qxe3 0-1

[Event "Vesterhavsturneringen B-Gruppen"]
[Site "Esbjerg"]
[Date "1979.07.15"]
[Round "6"]
[White "Berg, Klaus"]
[Black "Rewitz, Jan"]
[Result "0-1"]
[WhiteElo "2270"]
[BlackElo "2200"]
[PlyCount "44"]
[EventDate "1979.??.??"]
[EventType "tourn"]
[EventRounds "11"]
[EventCountry "DEN"]

1. Nf3 Nf6 2. d4 d5 3. c4 c6 4. Nc3 e6 5. e3 Be7 6. b3 Nbd7 7. Bb2 O-O 8. Bd3
b6 9. O-O Bb7 10. Qc2 Rc8 11. Rad1 h6 12. cxd5 exd5 13. Qe2 Re8 14. Rd2 Bd6 15.
Ba6 Bxa6 16. Qxa6 b5 17. a4 Nb8 18. Qxa7 Re7 19. Qa8 b4 20. Na2 Rcc7 21. Qa5
Qf8 22. Nxb4 Ra7 0-1

[Event "Vesterhavsturneringen B-Gruppen"]
[Site "Esbjerg"]
[Date "1979.07.15"]
[Round "6"]
[White "Wicker, Kevin"]
[Black "Pedersen, Hans"]
[Result "1-0"]
[WhiteElo "2315"]
[BlackElo "2210"]
[PlyCount "81"]
[EventDate "1979.??.??"]
[EventType "tourn"]
[EventRounds "11"]
[EventCountry "DEN"]

1. d4 Nf6 2. Bg5 c5 3. Bxf6 gxf6 4. d5 Qb6 5. Qc1 f5 6. c3 e6 7. g3 d6 8. Bg2
Nd7 9. Nd2 Nf6 10. Nc4 Qc7 11. Ne3 Bd7 12. Qc2 O-O-O 13. Nh3 Bh6 14. f4 Bg7 15.
O-O-O h6 16. Nf2 Kb8 17. c4 Qb6 18. Rd3 Bc8 19. Rhd1 Ne8 20. Bf3 Qc7 21. Ra3
Bd4 22. Rd2 e5 23. fxe5 dxe5 24. Ned1 e4 25. e3 Be5 26. Be2 h5 27. Nc3 a6 28.
Qb3 Rd6 29. Qd1 Nf6 30. Nh3 h4 31. Nf4 hxg3 32. hxg3 Rg8 33. Qe1 Qe7 34. Bd1
Ng4 35. Rg2 Qg5 36. Na4 b6 37. Rb3 Ka7 38. Bxg4 Qxg4 39. Nxc5 bxc5 40. Qa5 Qg5
41. Qc7+ 1-0

[Event "Vesterhavsturneringen B-Gruppen"]
[Site "Esbjerg"]
[Date "1979.07.15"]
[Round "6"]
[White "Bednarski, Jacek"]
[Black "Dankert, Peter"]
[Result "0-1"]
[WhiteElo "2375"]
[BlackElo "2360"]
[PlyCount "84"]
[EventDate "1979.??.??"]
[EventType "tourn"]
[EventRounds "11"]
[EventCountry "DEN"]

1. e4 Nf6 2. e5 Nd5 3. d4 d6 4. f4 Bf5 5. Nf3 e6 6. Bd3 Be7 7. Bxf5 exf5 8. O-O
O-O 9. c4 Nb6 10. b3 d5 11. c5 Nc8 12. Qd3 Qd7 13. b4 Re8 14. Nc3 a6 15. Bd2
Nc6 16. Nd1 g6 17. Ne3 Nd8 18. h3 Ne6 19. Nh2 Bf8 20. g4 Ng7 21. gxf5 gxf5 22.
Be1 Re6 23. Kh1 Rh6 24. Rf3 Ne7 25. a4 b6 26. Bd2 Ng6 27. Rg1 bxc5 28. bxc5
Qxa4 29. Nxd5 Rd8 30. Nf6+ Kh8 31. Qb3 Qxb3 32. Rxb3 Rxd4 33. Bc3 Rd3 34. e6
Rxc3 35. Rxc3 Nxe6 36. Nd7 Bg7 37. Rb3 Bd4 38. Rgb1 Ngxf4 39. Rb4 Be3 40. Rf1
Nxh3 41. Ne5 Rh5 42. c6 Kg7 0-1

[Event "Vesterhavsturneringen B-Gruppen"]
[Site "Esbjerg"]
[Date "1979.07.17"]
[Round "7"]
[White "Fuller, Max"]
[Black "Wicker, Kevin"]
[Result "1-0"]
[WhiteElo "2380"]
[BlackElo "2315"]
[PlyCount "47"]
[EventDate "1979.??.??"]
[EventType "tourn"]
[EventRounds "11"]
[EventCountry "DEN"]

1. d4 e6 2. Nf3 f5 3. g3 Nf6 4. Bg2 Be7 5. O-O O-O 6. c4 c6 7. b3 a5 8. Nc3 d5
9. c5 Ne4 10. Nxe4 fxe4 11. Ne5 b6 12. cxb6 Qxb6 13. Bf4 Nd7 14. e3 c5 15. Nxd7
Bxd7 16. dxc5 Bxc5 17. Bxe4 Rae8 18. Rc1 Bc8 19. Bb1 g6 20. Bh6 Rf7 21. h4 Ba3
22. Qg4 Bxc1 23. Bxg6 Rg7 24. Bxh7+ 1-0

[Event "Vesterhavsturneringen B-Gruppen"]
[Site "Esbjerg"]
[Date "1979.07.17"]
[Round "7"]
[White "Rewitz, Jan"]
[Black "Bednarski, Jacek"]
[Result "1-0"]
[WhiteElo "2200"]
[BlackElo "2375"]
[PlyCount "80"]
[EventDate "1979.??.??"]
[EventType "tourn"]
[EventRounds "11"]
[EventCountry "DEN"]

1. e4 e6 2. d4 d5 3. exd5 exd5 4. Bd3 c5 5. Nf3 Nc6 6. O-O c4 7. Re1+ Be7 8.
Bf1 Bg4 9. c3 Nf6 10. b3 cxb3 11. axb3 O-O 12. Nbd2 Rc8 13. Bd3 Bh5 14. Nf1 Bg6
15. Ng3 Bd6 16. Bg5 h6 17. Bc1 Bxg3 18. hxg3 Ne4 19. Bb2 Qb6 20. c4 Nb4 21. Bb1
a5 22. Ne5 Rfe8 23. cxd5 Rxe5 24. dxe5 Qxf2+ 25. Kh1 Nxg3+ 26. Kh2 Bc2 27. Qg4
Nf5 28. Re2 Qc5 29. Bxc2 Nxc2 30. Rxc2 Qxc2 31. Rc1 g6 32. Rxc2 Rxc2 33. Ba1
Rd2 34. d6 b5 35. Qe4 Rd1 36. e6 Nxd6 37. Qe5 Kf8 38. Qg7+ Ke7 39. exf7 Nxf7
40. Qf6+ Ke8 1-0

[Event "Vesterhavsturneringen B-Gruppen"]
[Site "Esbjerg"]
[Date "1979.07.17"]
[Round "7"]
[White "Rostalski, Walter"]
[Black "Berg, Klaus"]
[Result "1/2-1/2"]
[WhiteElo "2330"]
[BlackElo "2270"]
[PlyCount "81"]
[EventDate "1979.??.??"]
[EventType "tourn"]
[EventRounds "11"]
[EventCountry "DEN"]

1. d4 Nf6 2. c4 e6 3. Nc3 Bb4 4. Bg5 c5 5. d5 d6 6. e3 e5 7. Bd3 h6 8. Bh4 e4
9. Bc2 Bxc3+ 10. bxc3 Bf5 11. Ne2 O-O 12. O-O g5 13. Bg3 Qe7 14. Rb1 b6 15. Qd2
Bg6 16. Rbe1 Nbd7 17. f4 exf3 18. gxf3 Rae8 19. e4 Ne5 20. Bxe5 Qxe5 21. Ng3
Nh5 22. Nxh5 Bxh5 23. Re2 Kh8 24. Rg2 Rg8 25. Rg3 Kh7 26. Rf2 Rg6 27. f4 gxf4
28. Qxf4 Qxf4 29. Rxf4 Rxg3+ 30. hxg3 Kg7 31. Kf2 Re5 32. Rh4 Bg6 33. Rf4 Rh5
34. Kg2 f6 35. Rg4 Rg5 36. Rf4 Re5 37. Kf3 Bh5+ 38. Kf2 Rg5 39. Rh4 Re5 40. Rf4
Bg6 41. Kf3 1/2-1/2

[Event "Vesterhavsturneringen B-Gruppen"]
[Site "Esbjerg"]
[Date "1979.07.17"]
[Round "7"]
[White "Dankert, Peter"]
[Black "Nielsen, Poul Erik"]
[Result "1-0"]
[WhiteElo "2360"]
[BlackElo "2315"]
[PlyCount "151"]
[EventDate "1979.??.??"]
[EventType "tourn"]
[EventRounds "11"]
[EventCountry "DEN"]

1. e4 c5 2. Nf3 d6 3. Bb5+ Bd7 4. Bxd7+ Qxd7 5. O-O Nc6 6. c3 Nf6 7. d4 Nxe4 8.
d5 Ne5 9. Nxe5 dxe5 10. Re1 Nd6 11. Rxe5 g6 12. Re1 Nf5 13. Bg5 h6 14. Bf6 Bg7
15. Bxg7 Nxg7 16. c4 O-O 17. Nc3 Nf5 18. Qd2 b6 19. Re5 Qd6 20. Rae1 Rad8 21.
Qf4 Kg7 22. Ne4 Qb8 23. Ng3 Nd4 24. h4 e6 25. dxe6 Nxe6 26. Qg4 Kh8 27. Qf3 Ng7
28. Qf4 Kh7 29. Ne4 f5 30. Nc3 Rd4 31. Qf3 Rf7 32. g3 Qd8 33. b3 Rd3 34. R1e3
Rxe3 35. Rxe3 Re7 36. Rd3 Re1+ 37. Kg2 Qe7 38. Nd5 Qe5 39. Nc3 Qf6 40. Qf4 g5
41. Qd2 Re6 42. hxg5 hxg5 43. Rd7 a6 44. Nd5 Qe5 45. Qd3 b5 46. Ne3 Kh6 47. Rd5
bxc4 48. Qxc4 Qe4+ 49. Qxe4 fxe4 50. Rxc5 Ne8 51. b4 Nf6 52. a4 Nd7 53. Ra5 Kg6
54. b5 axb5 55. Rxb5 Kf6 56. Ng4+ Kg6 57. a5 Kh5 58. Kh3 Ra6 59. Ne5 Nxe5 60.
Rxe5 Ra8 61. Kg2 Kg6 62. Kf1 Kf6 63. Rd5 g4 64. Ke2 Ke6 65. Rg5 Rb8 66. Ke3
Rb3+ 67. Kxe4 Rb4+ 68. Kd3 Rb2 69. Rxg4 Rxf2 70. Kc4 Rf3 71. Kb5 Rb3+ 72. Rb4
Rxg3 73. a6 Rd3 74. a7 Rd5+ 75. Ka4 Rd1 76. Ka5 1-0

[Event "Vesterhavsturneringen B-Gruppen"]
[Site "Esbjerg"]
[Date "1979.07.17"]
[Round "7"]
[White "Dobosz, Henryk"]
[Black "Heinicke, Herbert"]
[Result "1-0"]
[WhiteElo "2380"]
[BlackElo "2410"]
[PlyCount "99"]
[EventDate "1979.??.??"]
[EventType "tourn"]
[EventRounds "11"]
[EventCountry "DEN"]

1. e4 e6 2. d4 d5 3. Nd2 Nf6 4. e5 Nfd7 5. c3 b6 6. Ndf3 Be7 7. Nh3 Ba6 8. Nf4
Bxf1 9. Kxf1 Qc8 10. h4 Qa6+ 11. Kg1 Nc6 12. Ng5 Bxg5 13. hxg5 g6 14. g3 O-O-O
15. Ng2 Ne7 16. Ne3 c5 17. Ng4 Kb7 18. Nh6 Rdf8 19. Rh4 Nf5 20. Rf4 Qb5 21. Qf3
cxd4 22. cxd4 Nb8 23. g4 Nxh6 24. gxh6 Qe8 25. Qd3 Qe7 26. Bd2 Nc6 27. Rf6 Rc8
28. Rf1 Rc7 29. Kg2 Rhc8 30. Kh3 a5 31. a3 Qe8 32. Rf3 Na7 33. Rg3 Qb5 34. Rb1
Rc2 35. Kh4 Qd7 36. Rf3 R2c4 37. b3 Rc2 38. Kg3 Ra2 39. a4 Rcc2 40. Rd1 Nc6 41.
Qe3 Nb4 42. Qf4 Rc7 43. Bxb4 axb4 44. Rc1 Rxc1 45. Qxc1 Ra3 46. Qf4 Ka6 47. Qf6
b5 48. axb5+ Kxb5 49. Qh8 Qa7 50. Qe8+ 1-0

[Event "Vesterhavsturneringen B-Gruppen"]
[Site "Esbjerg"]
[Date "1979.07.18"]
[Round "8"]
[White "Isaksen, Brian"]
[Black "Fuller, Max"]
[Result "0-1"]
[WhiteElo "2275"]
[BlackElo "2380"]
[PlyCount "66"]
[EventDate "1979.??.??"]
[EventType "tourn"]
[EventRounds "11"]
[EventCountry "DEN"]

1. c4 g6 2. Nc3 c5 3. b3 Bg7 4. Bb2 d6 5. g3 Nc6 6. Bg2 e5 7. e3 Nge7 8. Nge2
h5 9. h4 Bg4 10. d3 Qd7 11. Qd2 Rb8 12. Nd5 O-O 13. Nec3 a6 14. a4 Nxd5 15.
cxd5 Na5 16. Ra3 Qc7 17. Na2 b5 18. b4 cxb4 19. Nxb4 Qb6 20. axb5 Qxb5 21. Bc3
e4 22. O-O Bxc3 23. Qxc3 Qxb4 24. Qxb4 Rxb4 25. Rxa5 Be2 26. Rfa1 exd3 27. Bf1
Rfb8 28. Bxe2 dxe2 29. Re1 Rb1 30. Ra1 Rxa1 31. Rxa1 Rb2 32. f3 Rd2 33. Re1 a5
0-1

[Event "Vesterhavsturneringen B-Gruppen"]
[Site "Esbjerg"]
[Date "1979.07.18"]
[Round "8"]
[White "Heinicke, Herbert"]
[Black "Berg, Klaus"]
[Result "1/2-1/2"]
[WhiteElo "2410"]
[BlackElo "2270"]
[PlyCount "44"]
[EventDate "1979.??.??"]
[EventType "tourn"]
[EventRounds "11"]
[EventCountry "DEN"]

1. Nf3 g6 2. g3 Bg7 3. Bg2 e5 4. d3 d5 5. O-O Ne7 6. c4 O-O 7. cxd5 Nxd5 8. Qb3
Nb6 9. Nc3 Nc6 10. Bg5 Qe8 11. Nb5 Qd7 12. Rac1 a6 13. Nc3 Qf5 14. Ne4 Be6 15.
Qa3 Bd5 16. Be3 Bxe4 17. dxe4 Qe6 18. Ng5 Qf6 19. Nf3 h6 20. Qb3 Na5 21. Qb4
Nc6 22. Qb3 Na5 1/2-1/2

[Event "Vesterhavsturneringen B-Gruppen"]
[Site "Esbjerg"]
[Date "1979.07.18"]
[Round "8"]
[White "Nielsen, Poul Erik"]
[Black "Rewitz, Jan"]
[Result "1-0"]
[WhiteElo "2315"]
[BlackElo "2200"]
[PlyCount "79"]
[EventDate "1979.??.??"]
[EventType "tourn"]
[EventRounds "11"]
[EventCountry "DEN"]

1. d4 Nf6 2. c4 g6 3. g3 Bg7 4. Bg2 O-O 5. Nc3 d6 6. Nf3 Nc6 7. O-O a6 8. d5
Na5 9. Nd2 c5 10. Qc2 Rb8 11. b3 b5 12. Bb2 bxc4 13. bxc4 e5 14. e4 Bh6 15. f4
exf4 16. gxf4 Nh5 17. Ne2 Bg4 18. Rae1 Bxe2 19. Rxe2 Nxf4 20. Ref2 Nxg2 21.
Kxg2 Bxd2 22. Bf6 Nxc4 23. Qxc4 Qa5 24. Be7 Be3 25. Re2 Rfe8 26. Bxd6 Rb4 27.
Qc3 Qd8 28. e5 Qg5+ 29. Kh1 Rf4 30. Rfe1 Bd4 31. Qh3 Rg4 32. Rg2 h5 33. Qf3
Bxe5 34. Rf2 f6 35. Bxc5 Rf4 36. Qb3 Rxf2 37. Bxf2 Kg7 38. Qb7+ Kh6 39. Qf7 Qf4
40. Be3 1-0

[Event "Vesterhavsturneringen B-Gruppen"]
[Site "Esbjerg"]
[Date "1979.07.18"]
[Round "8"]
[White "Bednarski, Jacek"]
[Black "Rostalski, Walter"]
[Result "1-0"]
[WhiteElo "2375"]
[BlackElo "2330"]
[PlyCount "118"]
[EventDate "1979.??.??"]
[EventType "tourn"]
[EventRounds "11"]
[EventCountry "DEN"]

1. e4 d6 2. d4 Nf6 3. Nc3 g6 4. f4 Bg7 5. Nf3 O-O 6. Be3 c6 7. h3 b5 8. a3 Bb7
9. Bd3 Nbd7 10. e5 Ne8 11. O-O a6 12. Ng5 e6 13. Qg4 Bc8 14. Qf3 d5 15. Qg3 Nb6
16. b3 Qe7 17. Ne2 Nc7 18. h4 h6 19. Nf3 h5 20. Ng5 Nd7 21. c3 c5 22. Bc2 a5
23. Qf3 f5 24. exf6 Rxf6 25. dxc5 Nxc5 26. Bd4 a4 27. b4 Nb3 28. Bxf6 Qxf6 29.
Rad1 Ne8 30. Qd3 Nd6 31. Qxg6 Qxg6 32. Bxg6 Nc4 33. Bf7+ Kf8 34. f5 Ne3 35.
fxe6 Nxf1 36. Rxf1 Ke7 37. Bxh5 Bf6 38. Bf3 Bb7 39. Nf4 Bxc3 40. Bxd5 Bd4+ 41.
Kh2 Bxd5 42. Nxd5+ Kd6 43. Nf6 Bb2 44. Nfe4+ Ke5 45. Nf6 Bxa3 46. e7 Bxb4 47.
e8=Q+ Rxe8 48. Nxe8 a3 49. h5 a2 50. h6 Bc3 51. h7 Kd5 52. Rd1+ Kc6 53. Rd6+
Kb7 54. Rd7+ Kb6 55. Nf6 Bxf6 56. Rd6+ Ka5 57. Rxf6 a1=Q 58. h8=Q Qe5+ 59. g3
Qxg5 1-0

[Event "Vesterhavsturneringen B-Gruppen"]
[Site "Esbjerg"]
[Date "1979.07.18"]
[Round "8"]
[White "Dobosz, Henryk"]
[Black "Pedersen, Hans"]
[Result "1-0"]
[WhiteElo "2380"]
[BlackElo "2210"]
[PlyCount "49"]
[EventDate "1979.??.??"]
[EventType "tourn"]
[EventRounds "11"]
[EventCountry "DEN"]

1. e4 c5 2. Nf3 d6 3. Bb5+ Nc6 4. O-O Bd7 5. c3 Nf6 6. Re1 g6 7. d4 cxd4 8.
cxd4 d5 9. exd5 Nxd5 10. Nc3 Nxc3 11. bxc3 Bg7 12. Ba3 Bf6 13. d5 Na5 14. Bxe7
Bxe7 15. d6 Bxb5 16. Rxe7+ Kf8 17. Ne5 Bc4 18. Qd4 Kg8 19. Nxc4 Nc6 20. Qf6 Qf8
21. Rae1 h5 22. Rxb7 Qg7 23. Qf3 Nd8 24. Re8+ Kh7 25. Rxd8 1-0

[Event "Vesterhavsturneringen B-Gruppen"]
[Site "Esbjerg"]
[Date "1979.07.18"]
[Round "8"]
[White "Wicker, Kevin"]
[Black "Dankert, Peter"]
[Result "1-0"]
[WhiteElo "2315"]
[BlackElo "2360"]
[PlyCount "135"]
[EventDate "1979.??.??"]
[EventType "tourn"]
[EventRounds "11"]
[EventCountry "DEN"]

1. e4 Nf6 2. e5 Nd5 3. Nc3 Nxc3 4. dxc3 d5 5. Bd3 e6 6. h4 c5 7. Qg4 Nc6 8. Nf3
Bd7 9. h5 h6 10. Qg3 Qc7 11. Rh4 O-O-O 12. Bf4 Qb6 13. Rb1 Ne7 14. Qh2 c4 15.
Be2 Nf5 16. Rh3 Qa6 17. a3 Bc5 18. g4 Ne7 19. Nd4 Nc6 20. Be3 Qb6 21. Qf4 Kb8
22. Nxc6+ Bxc6 23. Bxc5 Qxc5 24. Qd4 Qe7 25. Kd2 f5 26. gxf5 Qg5+ 27. f4 Qxf5
28. Rh4 Ba4 29. b3 Bc6 30. Rg1 Rhg8 31. Rg6 cxb3 32. Bd3 Qf8 33. cxb3 Qxa3 34.
Bc2 Qe7 35. Rh1 Be8 36. Rgg1 Bf7 37. Ra1 b6 38. Rag1 Rc8 39. Bh7 Rgf8 40. Rxg7
Qa3 41. Bc2 Rg8 42. Rhg1 Rxg7 43. Rxg7 Qf8 44. Rg3 Bxh5 45. f5 exf5 46. Qf4 Bg4
47. e6+ Kb7 48. Re3 Qe7 49. Bxf5 Bxf5 50. Qxf5 Rc6 51. Qxd5 Kc7 52. Kc2 a5 53.
Qe5+ Kb7 54. Kb2 Ka7 55. Re2 h5 56. Qd5 Rc5 57. Qe4 Rc7 58. Rf2 Qg7 59. Qd4 Ka6
60. Re2 Qe7 61. Qe5 Rc5 62. Qb8 h4 63. Qa8+ Kb5 64. Re4 Rc7 65. Rb4+ axb4 66.
c4+ Rxc4 67. bxc4+ Kxc4 68. Qc6+ 1-0

[Event "Vesterhavsturneringen B-Gruppen"]
[Site "Esbjerg"]
[Date "1979.07.18"]
[Round "8"]
[White "Rewitz, Jan"]
[Black "Wicker, Kevin"]
[Result "1/2-1/2"]
[WhiteElo "2200"]
[BlackElo "2315"]
[PlyCount "81"]
[EventDate "1979.??.??"]
[EventType "tourn"]
[EventRounds "11"]
[EventCountry "DEN"]

1. e4 g6 2. d4 Bg7 3. c4 d6 4. Nc3 Nc6 5. Nf3 Bg4 6. d5 Nd4 7. Be3 Nxf3+ 8.
gxf3 Bh5 9. Be2 e5 10. Qd2 f5 11. f4 Bxe2 12. Qxe2 exf4 13. Bxf4 Bxc3+ 14. bxc3
fxe4 15. O-O Nf6 16. f3 O-O 17. fxe4 Qe7 18. Rae1 Rae8 19. e5 Nh5 20. exd6 Qxe2
21. Rxe2 Rxe2 22. dxc7 Rc8 23. Bh6 Ng7 24. d6 Ree8 25. d7 Ne6 26. dxe8=Q+ Rxe8
27. Rb1 b6 28. c5 Nxc7 29. cxb6 axb6 30. Rxb6 Nd5 31. Rb3 Rc8 32. Bd2 Rc4 33.
Kg2 Ra4 34. Rb2 Kf7 35. Kf3 Ke6 36. Be1 Ra3 37. Kg4 Nxc3 38. Bxc3 Rxc3 39. h4
Rc4+ 40. Kg3 Ra4 41. Rb7 1/2-1/2

[Event "Vesterhavsturneringen B-Gruppen"]
[Site "Esbjerg"]
[Date "1979.07.19"]
[Round "9"]
[White "Rostalski, Walter"]
[Black "Nielsen, Poul Erik"]
[Result "1-0"]
[WhiteElo "2330"]
[BlackElo "2315"]
[PlyCount "57"]
[EventDate "1979.??.??"]
[EventType "tourn"]
[EventRounds "11"]
[EventCountry "DEN"]

1. d4 g6 2. c4 Bg7 3. e4 d6 4. Nc3 e5 5. d5 c5 6. Be2 h5 7. Nf3 Nh6 8. h3 O-O
9. g4 hxg4 10. hxg4 Nxg4 11. Ng5 f5 12. Bxg4 fxg4 13. Be3 a6 14. Qe2 b5 15.
O-O-O Qe7 16. Rdg1 Rf4 17. Ne6 b4 18. Bxf4 exf4 19. Qxg4 Qf6 20. Nd1 Bxe6 21.
Qxe6+ Qxe6 22. dxe6 Nc6 23. Rxg6 Ne5 24. Rg5 Re8 25. Rhg1 Re7 26. Rxg7+ Rxg7
27. e7 Rxg1 28. e8=Q+ Kg7 29. Qe7+ 1-0

[Event "Vesterhavsturneringen B-Gruppen"]
[Site "Esbjerg"]
[Date "1979.07.19"]
[Round "9"]
[White "Fuller, Max"]
[Black "Dobosz, Henryk"]
[Result "1-0"]
[WhiteElo "2380"]
[BlackElo "2380"]
[PlyCount "63"]
[EventDate "1979.??.??"]
[EventType "tourn"]
[EventRounds "11"]
[EventCountry "DEN"]

1. e4 c5 2. g3 e6 3. Bg2 d5 4. Nc3 d4 5. Nce2 d3 6. cxd3 Qxd3 7. Nf3 Qxe4 8.
O-O Qb4 9. d4 Nf6 10. Nc3 Be7 11. a3 Qc4 12. Be3 Nbd7 13. Re1 cxd4 14. Nxd4 O-O
15. Ncb5 Qc5 16. Nxe6 Qxb5 17. Nc7 Qa5 18. Nxa8 Ne5 19. Bd2 Qb5 20. Nc7 Qxb2
21. Rb1 Qa2 22. Rxe5 Bd6 23. Ra1 Qb2 24. Rb5 Qd4 25. Bf4 Qxd1+ 26. Rxd1 Bxa3
27. Bxb7 Bg4 28. f3 Bd7 29. Rbb1 Bf5 30. Ra1 Bb4 31. Nd5 Bc5+ 32. Be3 1-0